000 00871nas a2200253 4500
001 BR9204528
003 BR-BrBNA
005 20231205092738.0
007 ta
008 230509b bl.|||p| |||| 00| 00por d
040 _aBR-BrBNA
_bpor
_cBiblioteca Nacional de Agricultura
041 _a(Pt)
072 _aC10
100 1 _aGoncalves, A.J.B.
100 1 _aGiuliani, B.
100 1 _aTonini, E.
100 1 _aSchuch, V.F.
245 1 _aNiveis de formacao, satisfacao e aspiracao dos professores de cultura tecnica dos colegios agricolas da UFSM, Rio Grande do Sul, 1976 [Universidade Federal de Santa Maria]
650 _aENSINO AGRICOLA
650 _aRIO GRANDE DO SUL
773 0 _tRevista do Centro de Ciencias Rurais (Brazil)
_xISSN 0085-5901
_g(Jun 1978), v. 8(2) p. 109-116
_wBR9204528
909 _a202311
_bLúcia
_c55
_dLúcia Elande
942 _2AGRIS
_n0
_cANA
999 _c133855
_d133855